| 000 | 00446nam a22001817a 4500 | ||
|---|---|---|---|
| 003 | NUST | ||
| 020 | _a9788177581706 | ||
| 038 | _akhadija | ||
| 082 |
_a670.42 _bKAL |
||
| 100 |
_aKalpakjian, Serope _987076 |
||
| 245 |
_aManufacturing Engineering and Technology / _cSerope Kalpakjian |
||
| 250 | _a4th ed. | ||
| 260 |
_aNew Delhi: _bPearson, _c2012. |
||
| 300 |
_a1168 p. ; _b24 cm. |
||
| 500 | _aPaperback. | ||
| 563 | _aPB | ||
| 942 |
_cBK _2ddc |
||
| 999 |
_c32777 _d32777 |
||